logo

Bir Sreshtho Munshi Abdur Rouf Library
Jhenaidah Cadet College

Elementary solid state physics : (Record no. 8902)

MARC details
000 -LEADER
fixed length control field 00807cam a2200277 i 4500
001 - CONTROL NUMBER
JCCL Control Number 8902
003 - CONTROL NUMBER IDENTIFIER
JCCL marc code BD-JhCC
005 - DATE AND TIME OF LATEST TRANSACTION
control field 20180424181946.0
008 - FIXED-LENGTH DATA ELEMENTS--GENERAL INFORMATION
fixed length control field 750428s2000 maua b 001 0 eng
020 ## - INTERNATIONAL STANDARD BOOK NUMBER
International Standard Book Number 0201054825
020 ## - INTERNATIONAL STANDARD BOOK NUMBER
International Standard Book Number 9788177583779
035 ## - SYSTEM CONTROL NUMBER
system control number (BD-JhCC)8902
040 ## - CATALOGING SOURCE
Original cataloging agency DLC
Transcribing agency DLC
Modifying agency DLC
-- ICU
041 ## - LANGUAGE CODE
Language code of Book eng
050 00 - LIBRARY OF CONGRESS CALL NUMBER
Classification number QC176
Item number .O38
082 00 - DEWEY DECIMAL CLASSIFICATION NUMBER
Classification number 530.41
Author mark and Year OMA 2000
100 1# - MAIN ENTRY--PERSONAL NAME
Personal name Omar, M. Ali.
245 10 - TITLE STATEMENT
Title Elementary solid state physics :
Remainder of title principles and applications /
Statement of responsibility, etc M. A. Omar.
260 ## - PUBLICATION, DISTRIBUTION, ETC. (IMPRINT)
Place of publication, distribution, etc Reading, Mass. :
Name of publisher, distributor, etc Addison-Wesley Pub. Co.,
Date of publication, distribution, etc [1975]
300 ## - PHYSICAL DESCRIPTION
Pagination xv, 669 p. :
Other physical details ill. ;
Dimensions 24 cm.
440 #0 -
Title Addison-Wesley series in solid state sciences
504 ## - BIBLIOGRAPHY, ETC. NOTE
Bibliography, etc Includes bibliographies and index.
650 #0 - SUBJECT ADDED ENTRY--TOPICAL TERM
Topical term or geographic name as entry element Solid state physics.
942 ## - ADDED ENTRY ELEMENTS (KOHA)
Source of classification or shelving scheme Dewey Decimal Classification
Koha item type Books
Holdings
Source of classification or shelving scheme Damaged status Not for loan Home library Current library Shelving location Total Checkouts Full call number Barcode Date last seen Copy number Koha item type Date of accession Date checked out
Dewey Decimal Classification     JCC Rouf Library JCC Rouf Library General Stacks   530.41 OMA 2000 11711 03/05/2018 C-1 Books    
Dewey Decimal Classification     JCC Rouf Library JCC Rouf Library General Stacks   530.41 OMA 2006 13767 04/24/2018 C-2 Books 04/24/2018  
Dewey Decimal Classification     JCC Rouf Library JCC Rouf Library General Stacks 1 530.41 OMA 2006 13766 06/03/2024 C-3 Books 04/24/2018 06/02/2024

JCC Library | Contacts | JCC Home

Last Update on 23 September 2017
Copyright @ 2017-2020 JCC Rouf Library
Rouf Library, Jhenidah Cadet College (JCC), Bangladesh